000 00409nam a2200169Ia 4500
008 230711s9999||||xx |||||||||||||| ||und||
041 _aENG
082 _a720
_bGE-M
100 _aGesimondo,Nancy
245 0 _aMateriality and interior construction
250 _a1st
260 _c2011
_aNew Jersay
_bJohn Wiley & Sons.Inc
300 _a418
650 _aArchitecture
700 _aPostel,Jim
942 _cBK
999 _c5362
_d5362